Statistics for Boardgames - All Games by Jamey Stegmaier

Click here to take the quiz!

General Stats

  • This quiz has been taken 33 times
  • The average score is 5 of 7

Answer Stats

BGG RankRelease YearAnswer% Correct
142014Scythe
100%
242015Viticulture Essential Edtion
96%
2362019Tapestry
82%
4262013Euphoria - Build a better Dystopia
57%
9982021Red Rising
50%
3372017Charterstone
36%
44652020Rolling Realms
36%

Score Distribution

Percentile by Number Answered

Percent of People with Each Score

Your Score History

You have not taken this quiz